000 00299nam a22001337a 4500
008 170504b xxu||||| |||| 00| 0 eng d
020 _a9780195132496
041 _aeng
080 _a342
100 _a13
101 _aSHJ
245 _aAGAINTS CAPITAL PUNISHMENT
_cHAINES.H.H
942 _2udc
_cBK
999 _c12609
_d12609